LA VERDAD ANTE LA FIGURA MILITAR DE DON MIGUEL NEGRETE. (Registro nro. 57490)
[ vista simple ]
| 000 -LEADER | |
|---|---|
| fixed length control field | 00519nam a2200181 a 4500 |
| 001 - CONTROL NUMBER | |
| control field | 57490 |
| 005 - DATE AND TIME OF LATEST TRANSACTION | |
| control field | 20180714053712.0 |
| 008 - FIXED-LENGTH DATA ELEMENTS--GENERAL INFORMATION | |
| fixed length control field | 140415s1935 mx 000 0 spa d |
| 041 ## - LANGUAGE CODE | |
| Language code of text/sound track or separate title | spa |
| 082 0# - DEWEY DECIMAL CLASSIFICATION NUMBER | |
| Classification number | 923.5 |
| Item number | NEG |
| 100 1# - MAIN ENTRY--PERSONAL NAME | |
| Personal name | NEGRETE, DOROTEO |
| 245 13 - TITLE STATEMENT | |
| Title | LA VERDAD ANTE LA FIGURA MILITAR DE DON MIGUEL NEGRETE. |
| 250 ## - EDITION STATEMENT | |
| Edition statement | 1a ed. |
| 260 ## - PUBLICATION, DISTRIBUTION, ETC. | |
| Place of publication, distribution, etc. | MEXICO : |
| Name of publisher, distributor, etc. | INDETERMINADO, |
| Date of publication, distribution, etc. | 1935. |
| 300 ## - PHYSICAL DESCRIPTION | |
| Extent | 258 ; |
| Dimensions | 34.5 x 2.5 x 21.5. |
| 500 ## - GENERAL NOTE | |
| General note | COLECCIÓN PUEBLA |
| 650 14 - SUBJECT ADDED ENTRY--TOPICAL TERM | |
| Topical term or geographic name entry element | NEGRETE, MIGUEL, 1824 |
| General subdivision | 1897 |
| Withdrawn status | Lost status | Source of classification or shelving scheme | Damaged status | Not for loan | Collection code | Home library | Current library | Shelving location | Date acquired | Source of acquisition | Inventory number | Total Checkouts | Full call number | Barcode | Date last seen | Price effective from | Koha item type |
|---|---|---|---|---|---|---|---|---|---|---|---|---|---|---|---|---|---|
| Dewey Decimal Classification | Consulta en sala | Puebla | Biblioteca Karol Wojtyla | Biblioteca Karol Wojtyla | Área de silencio | 03/12/2013 | Compra | 151000000000000000073473 | 923.5 NEG 1935 | 86820 | 05/01/2026 | 07/08/2015 | Libro |